000 00735nam a2200241Ia 4500
003 OSt
005 20220923225714.0
006 a|||||r|||| 00| 0
007 ta
008 Pun
024 _a273,841
037 _cTextual
040 _aARTS
_cARTS
_bPun
041 _2Pun
_aPun
082 _aO153:g, N2
100 _aਖਾਹਰਾ, ਸੁਖਦੇਵ ਸਿੰਘ, ਥਦ.
_9156325
245 0 _aਤਖ਼ਤੀF ਦਾ ਵਿFਲੇFਣ
260 _aਅੰਮ੍ਰਿਤਸਰ
_b ਵਾਰਿਸ Fਾਹ
_c1992
300 _a134ਪੰ
_ccm.
650 _aਪੰਜਾਬੀ ਸਾਹਿਤ
942 _hO153:g, N2
_cTEXL
_2CC
999 _c379897
_d379897